000 00463nmm a2200169Ia 4500
008 251105s9999||||xx |||||||||||||||||und||
020 _a9788499409900
041 _aspa
100 _aDenis, Paul
245 0 _aEl narcisismo
264 _a[Madrid, España] :
_bBiblioteca Nueva,
_c2016
300 _a144 páginas
490 _aNuevos temas de psicoanálisis
650 _aPsychology
856 _uhttps://public.digitaliapublishing.com/a/42759
942 _cCF
999 _c92778
_d92778